[Event "II Open de Gaia"]
[Site "http://www.queenalice.com/game.php?id=1263024"]
[Date "2014.3.7"]
[Round "3"]
[White "gbsalvio"]
[Black "Lucius1"]
[Result "1-0"]
[WhiteElo "2621"]
[BlackElo "2564"]

1. e4 b6 2. d4 Bb7 3. Bd3 e6 4. Nf3 c5 5. Nc3 cxd4 6. Nxd4 Nc6 7. Nxc6 dxc6 8.
e5 Qd4 9. Qh5 g6 10. Qe2 Ne7 11. Bd2 Nd5 12. Nxd5 exd5 13. O-O-O Qh4 14. f4
O-O-O 15. g3 Qh3 16. f5 Bh6 17. Rhf1 Rhe8 18. e6 Re7 19. Kb1 Bxd2 20. Qxd2 fxe6
21. Qg5 Rc7 22. f6 Rf8 23. Rde1 Kb8 24. Qf4 Bc8 25. Be2 e5 26. Qxe5 Rf7 27. Rf2
Qh6 28. h4 Qd2 29. Rff1 Kb7 30. g4 b5 31. Qg3 Qb4 32. a3 Qd4 33. Rf4 Qc5 34. Rf3
Bd7 35. Bd3 Qf8 36. g5 c5 37. h5 Qg8 38. hxg6 hxg6 39. Rfe3 c4 40. Bf1 Bc6 41.
Bg2 Qd8 42. Qf2 Rh7 43. c3 Qc8 44. Re6 Rcd7 45. Re8 Qc7 46. Rg8 Rdf7 47. Rxg6
Qc8 48. Re5 Qg4 49. Rxd5 a6 50. Ka2 Rh2 51. Rg8 Rxg2 52. Rb8+ Kxb8 53. Qb6+ Bb7
54. Rd8+ Qc8 55. Qd6+ Rc7 56. f7 Qxd8 57. Qxd8+ Rc8 58. f8=Q Rxd8 59. Qxd8+ Ka7
60. Qd6 a5 61. g6 Ba8 62. a4 1-0

[Event "sergiogvh-2"]
[Site "http://www.queenalice.com/game.php?id=1273027"]
[Date "2014.4.14"]
[Round "5"]
[White "gbsalvio"]
[Black "Kuarwaki"]
[Result "1/2-1/2"]
[WhiteElo "2630"]
[BlackElo "2632"]

1. e4 c5 2. a3 g6 3. b4 Bg7 4. Nc3 d6 5. Rb1 Nc6 6. Nf3 Nf6 7. Bc4 O-O 8. bxc5
dxc5 9. h3 a6 10. d3 b5 11. Ba2 e6 12. O-O Nd4 13. Nxd4 cxd4 14. Ne2 Nd7 15. f4
Nb6 16. Bb3 Nd7 17. Qe1 Nc5 18. Ba2 Bb7 19. Bd2 Rc8 20. Ba5 Qe7 21. Bb4 Rfd8 22.
h4 Rd7 23. h5 Qd8 24. hxg6 hxg6 25. Rc1 Na4 26. Bd2 Qb6 27. Qf2 Qd6 28. Bb4 Qc6
29. g4 Nc3 30. Bxc3 dxc3 31. f5 exf5 32. gxf5 Rd6 33. Kh1 gxf5 34. Qxf5 Rf6 35.
Qg4 Rc7 36. Rxf6 Qxf6 37. Nf4 Bc8 38. Qg3 Re7 39. Nh5 Qh6 40. Qxg7+ Qxg7 41.
Nxg7 Kxg7 42. Rg1+ Kf6 43. Rg8 Be6 44. Bxe6 1/2-1/2

[Event "Sidinei"]
[Site "http://www.queenalice.com/game.php?id=1274936"]
[Date "2014.4.21"]
[Round "2"]
[White "gbsalvio"]
[Black "Sidinei"]
[Result "0-1"]
[WhiteElo "2630"]
[BlackElo "2515"]

1. Nc3 d5 2. e4 d4 3. Nce2 c5 4. Ng3 e6 5. f4 Nc6 6. Nf3 Nf6 7. Bc4 Bd7 8. a4 h5
9. d3 h4 10. Ne2 h3 11. g3 Be7 12. Ng5 Qb6 13. f5 Ne5 14. fxe6 fxe6 15. Nf4 Nxc4
16. dxc4 e5 17. Ng6 Bg4 18. a5 Qd6 19. Qd3 Rh5 20. O-O Bd8 21. Nh4 Kf8 22. Qb3
Qc7 23. Nf5 Qc6 24. Qa4 Rc8 25. b4 cxb4 26. Qxb4+ Kg8 27. Qb3 Qxc4 0-1

[Event "EUROAMERICA"]
[Site "http://www.queenalice.com/game.php?id=1300928"]
[Date "2014.8.11"]
[Round "1"]
[White "cro_kramnik"]
[Black "gbsalvio"]
[Result "1-0"]
[WhiteElo "2617"]
[BlackElo "2612"]

1. Nf3 b6 2. g3 Bb7 3. Bg2 g6 4. O-O Bg7 5. d4 e6 6. c4 d6 7. Nc3 Nd7 8. e4 Ne7
9. Be3 h6 10. Qd2 Nf6 11. d5 e5 12. h3 Nd7 13. Ne1 f5 14. Nd3 fxe4 15. Bxe4 g5
16. Qe2 Nf6 17. f4 exf4 18. gxf4 g4 19. Bd4 Qd7 20. Bg6+ Kd8 21. f5 gxh3 22. Nf4
c5 23. dxc6 Nxc6 24. Ne6+ Kc8 25. Rad1 Rg8 26. Kh2 Nxd4 27. Rxd4 1-0

[Event "Sidinei"]
[Site "http://www.queenalice.com/game.php?id=1319801"]
[Date "2014.11.2"]
[Round "3"]
[White "kasker"]
[Black "gbsalvio"]
[Result "0-1"]
[WhiteElo "2519"]
[BlackElo "2604"]

1. e4 e5 2. Nf3 Nc6 3. Bc4 Nf6 4. d3 Be7 5. O-O d6 6. c3 O-O 7. Bb3 h6 8. Nbd2
Kh8 9. Re1 Nh7 10. d4 Ng5 11. h3 Bf6 12. Nxg5 Bxg5 13. Nf3 Bxc1 14. Qxc1 Qf6 15.
Qe3 Re8 16. Rad1 Kg8 17. Bd5 Ne7 18. Bb3 Ng6 19. dxe5 dxe5 20. Qc5 Bxh3 21. Qxc7
Re7 22. Qd6 Be6 23. Bxe6 Rxe6 24. Qd7 Re7 25. Qf5 Qa6 26. a3 Rae8 27. g3 Qb5 28.
Rd2 Nf8 29. Kg2 Nh7 30. Nh2 g6 31. Qh3 h5 32. Nf1 Qc6 33. Qh4 Rd7 34. Rxd7 Qxd7
35. Re2 Re6 36. Rd2 Rd6 37. Rxd6 Qxd6 38. g4 hxg4 0-1

[Event "EUROAMERICA"]
[Site "http://www.queenalice.com/game.php?id=1326012"]
[Date "2014.12.4"]
[Round "2"]
[White "gbsalvio"]
[Black "kobra23"]
[Result "1-0"]
[WhiteElo "2610"]
[BlackElo "2629"]

1. e4 c5 2. Nf3 d6 3. d4 cxd4 4. Nxd4 Nf6 5. Nc3 g6 6. Be3 Bg7 7. f3 O-O 8. Qd2
Nc6 9. Bc4 Bd7 10. Bb3 Na5 11. h4 h5 12. O-O-O Rc8 13. Kb1 Nc4 14. Bxc4 Rxc4 15.
Qd3 Rc8 16. a3 a6 17. Qd2 Re8 18. Bg5 Rc4 19. Nde2 Rc5 20. Be3 Rc8 21. Bd4 Be6
22. g4 Qa5 23. Qg5 b6 24. Nf4 Bc4 25. gxh5 Qxg5 26. hxg5 Nxh5 27. Nxh5 gxh5 28.
Rxh5 Bxd4 29. Rxd4 Kg7 30. Rd2 Rh8 31. Rxh8 Rxh8 32. b3 Be6 33. f4 f5 34. exf5
Bxf5 35. Nd5 Kf7 36. Kb2 Rh4 37. Rf2 b5 38. Re2 e6 39. Nc7 Rxf4 40. Nxa6 Rg4 41.
Nc7 b4 42. axb4 Rxb4 43. c4 1-0

[Event "II Open de Gaia"]
[Site "http://www.queenalice.com/game.php?id=1335669"]
[Date "2015.1.19"]
[Round "5"]
[White "gbsalvio"]
[Black "Conde7"]
[Result "0-1"]
[WhiteElo "2618"]
[BlackElo "2778"]

1. e4 c6 2. d4 d5 3. e5 Bf5 4. h4 h5 5. Bg5 Qb6 6. Bd3 Qxd4 7. Nf3 Qg4 8. O-O
Bxd3 9. cxd3 e6 10. Qb3 b6 11. Rc1 f6 12. Be3 Ne7 13. a4 Nf5 14. a5 b5 15. Nbd2
Nxe3 16. fxe3 Rh6 17. Rf1 Nd7 18. exf6 gxf6 19. e4 Rc8 20. Rf2 Rh7 21. Re1 Kd8
22. d4 a6 23. Qd3 Re7 24. Qe3 Kc7 25. e5 f5 26. Rc1 Kb7 27. Nb3 Ree8 28. Ng5 Bh6
29. Qc3 c5 30. dxc5 Nb8 31. Nf7 Bxc1 32. Nd6+ Ka8 33. Nxc1 Nc6 34. Ne2 Qxh4 35.
Rf4 Qe7 36. g3 b4 37. Qe3 Rb8 38. Nxe8 Rxe8 39. Kg2 Rg8 40. Qd3 Qb7 41. Kf1 Qc8
42. Nd4 Nxd4 0-1

[Event "EUROAMERICA"]
[Site "http://www.queenalice.com/game.php?id=1373786"]
[Date "2015.7.27"]
[Round "3"]
[White "RenverKestak"]
[Black "gbsalvio"]
[Result "1/2-1/2"]
[WhiteElo "2637"]
[BlackElo "2613"]

1. e4 e5 2. Nf3 Nc6 3. Bb5 a6 4. Bxc6 dxc6 5. O-O f6 6. d4 exd4 7. Nxd4 c5 8.
Ne2 Qxd1 9. Rxd1 Bd7 10. Nbc3 O-O-O 11. Be3 Re8 12. Rd2 Bc6 13. Rad1 b6 14. f3
Ne7 15. Kf2 Ng6 16. b3 Bd6 17. Ng3 Ne7 18. Nce2 f5 19. Nxf5 Nxf5 20. exf5 Bxh2
21. f4 g5 22. fxg5 Re5 23. g4 Rhe8 24. Rd3 Re4 25. Rh1 Be5 26. Rxh7 Rxg4 27. f6
Rf8 28. Rd2 a5 29. Ke1 Re8 30. Rd3 Kb7 31. Kf2 a4 32. Rh6 Rg2+ 33. Kf1 Rg4 34.
Rh7 1/2-1/2

[Event "Let's Play Chess!"]
[Site "http://www.queenalice.com/game.php?id=1519566"]
[Date "2018.3.16"]
[Round "-"]
[White "gbsalvio"]
[Black "ketchuplover"]
[Result "1-0"]
[WhiteElo "2615"]
[BlackElo "1836"]

1. Nc3 d5 2. e4 e6 3. d4 dxe4 4. Nxe4 a6 5. Nf3 h6 6. Bd3 Nf6 7. Nxf6+ Qxf6 8.
O-O Bd6 9. Qe2 Nc6 10. c3 O-O 11. Re1 Ne7 12. Ne5 Bxe5 13. dxe5 Qh4 14. g3 Qh3
15. Be4 Rb8 16. b3 b5 17. Ba3 Re8 18. Bxe7 Rxe7 19. Qe3 Bb7 20. Qa7 1-0

[Event "Let's Play Chess!"]
[Site "http://www.queenalice.com/game.php?id=1759243"]
[Date "2021.5.11"]
[Round "-"]
[White "gbsalvio"]
[Black "Rudolf"]
[Result "1-0"]
[WhiteElo "2616"]
[BlackElo "2566"]

1. Nc3 d5 2. d4 Bf5 3. f3 c6 4. e4 Bg6 5. h4 h6 6. Bd3 e6 7. h5 Bh7 8. Nge2 Nf6
9. e5 Bxd3 10. Qxd3 Nfd7 11. f4 Na6 12. f5 Nb4 13. Qd1 exf5 14. a3 Na6 15. Ng3
Qe7 16. Nxf5 Qe6 17. Qd3 f6 18. Qh3 Nc7 19. Bf4 fxe5 20. O-O O-O-O 21. Rae1 e4
22. Ne2 Nf6 23. Be5 Qd7 24. Nf4 Kb8 25. Re3 a6 26. b4 Re8 27. Ng6 Rg8 28. Rb3
Ka8 29. a4 e3 30. Qxe3 Ne4 31. Rbb1 Nf6 32. Qf3 Ne4 33. Qd3 b5 34. Ra1 Kb7 35.
c3 Ra8 36. axb5 cxb5 37. Rae1 Re8 38. Qc2 Qc6 39. Qa2 Nd6 40. Ra1 Nxf5 41. Bxc7
Kxc7 42. Rxf5 Bd6 43. Rf7+ 1-0

[Event "Let's Play Chess!"]
[Site "http://www.queenalice.com/game.php?id=1760022"]
[Date "2021.5.23"]
[Round "-"]
[White "gbsalvio"]
[Black "igorjava"]
[Result "1-0"]
[WhiteElo "2624"]
[BlackElo "2005"]

1. Nc3 d5 2. d4 e6 3. e4 dxe4 4. Nxe4 Nc6 5. Nf3 f5 6. Ng3 Nf6 7. Bc4 Bd6 8. a3
Na5 9. Ba2 Bxg3 10. hxg3 Qe7 11. Ne5 Nc6 12. Ng6 hxg6 13. Rxh8+ Kf7 14. Bg5 b6
15. Qf3 Bb7 16. Rxa8 Bxa8 17. O-O-O Qd6 18. Re1 Ne4 19. Rxe4 Nxd4 20. Rxd4 Bxf3
21. Rxd6 cxd6 22. gxf3 1-0

[Event "Challenge"]
[Site "http://www.queenalice.com/game.php?id=1760159"]
[Date "2021.5.21"]
[Round "-"]
[White "gbsalvio"]
[Black "carvalhofra9"]
[Result "1-0"]
[WhiteElo "2623"]
[BlackElo "2022"]

1. Nc3 Nf6 2. e4 d5 3. d4 g6 4. e5 Nh5 5. Be2 Ng7 6. h3 a6 7. Nf3 c5 8. dxc5 Nd7
9. Nxd5 Nxc5 10. c4 Nf5 11. g4 Ng7 12. Be3 Nce6 13. Bb6 Qd7 14. Qd2 f6 15. exf6
Nd8 16. Nc7+ Kf7 17. Ne5+ Kxf6 18. Nxd7+ Bxd7 19. Qxd7 Nde6 20. Nxa8 Ke5 21.
Bd4+ Nxd4 22. Qd5+ Kf6 23. g5# 1-0

[Event "Challenge"]
[Site "http://www.queenalice.com/game.php?id=1760329"]
[Date "2021.5.24"]
[Round "-"]
[White "carvalhofra9"]
[Black "gbsalvio"]
[Result "0-1"]
[WhiteElo "2028"]
[BlackElo "2625"]

1. e4 e5 2. f4 Nc6 3. c3 d5 4. Nf3 dxe4 5. Ng5 Bf5 6. Qb3 Qd7 7. Bc4 O-O-O 8.
O-O Nh6 9. Qa4 f6 10. d4 exd3 11. Be3 fxg5 12. Nd2 gxf4 13. Bxa7 Nxa7 14. Qxa7
Qc6 15. Rf3 Bc5+ 16. Qxc5 Qxc5+ 17. Kh1 e4 18. Rxf4 g5 19. Rxf5 Nxf5 20. Be6+
Kb8 21. Bxf5 Qxf5 22. Rf1 Qxf1+ 23. Nxf1 Rhf8 24. h3 Rxf1+ 25. Kh2 d2 26. h4
d1=Q 27. hxg5 Rd3 28. b4 Rh1# 0-1

[Event "AUTO-ELITE-2348"]
[Site "http://www.queenalice.com/game.php?id=1765124"]
[Date "2021.7.23"]
[Round "1"]
[White "FabioDavid"]
[Black "gbsalvio"]
[Result "1/2-1/2"]
[WhiteElo "2448"]
[BlackElo "2623"]

1. b3 e5 2. Bb2 Nc6 3. c4 Nge7 4. Nf3 d5 5. cxd5 Nxd5 6. e3 Bd6 7. d3 Bb4+ 8.
Nbd2 Bg4 9. Be2 Nc3 10. Bxc3 Bxc3 11. Rc1 Bxf3 12. Bxf3 Qxd3 13. Bxc6+ bxc6 14.
Qc2 Bxd2+ 15. Qxd2 Qxd2+ 16. Kxd2 O-O-O+ 17. Ke2 Rd6 18. Rc2 Kb7 19. Rhc1 Rhd8
20. g4 R8d7 21. Kf3 Rh6 22. Rh1 a5 23. h4 Rd5 24. Ke4 Rb5 25. Rc4 Rd6 26. Rhc1
Kb6 27. R1c2 Rbd5 28. f3 c5 29. h5 c6 30. R4c3 Rf6 1/2-1/2

[Event "AUTO-ELITE-2348"]
[Site "http://www.queenalice.com/game.php?id=1765125"]
[Date "2021.7.23"]
[Round "1"]
[White "gbsalvio"]
[Black "FabioDavid"]
[Result "1/2-1/2"]
[WhiteElo "2627"]
[BlackElo "2436"]

1. Nc3 d5 2. d4 Nf6 3. f3 c5 4. e4 cxd4 5. Qxd4 Nc6 6. Bb5 Bd7 7. Bxc6 Bxc6 8.
e5 Nd7 9. e6 fxe6 10. f4 Nf6 11. Nf3 g6 12. Be3 Bg7 13. Qd3 O-O 14. Bd4 Qc7 15.
g3 Rfc8 16. a4 a6 17. O-O b5 18. axb5 axb5 19. Rxa8 Rxa8 20. Nxb5 Bxb5 21. Qxb5
Ne4 22. Qd3 Bxd4+ 23. Nxd4 Qb6 1/2-1/2

[Event "AUTO-ELITE-2348"]
[Site "http://www.queenalice.com/game.php?id=1765130"]
[Date "2021.7.23"]
[Round "1"]
[White "gbsalvio"]
[Black "TheWatcher"]
[Result "1-0"]
[WhiteElo "2619"]
[BlackElo "2245"]

1. d4 Nf6 2. Nf3 b6 3. e3 e6 4. Bd3 Bb7 5. O-O c5 6. c4 d5 7. cxd5 exd5 8. dxc5
Bxc5 9. b3 O-O 10. Bb2 Nbd7 11. Nc3 Re8 12. Rc1 a6 13. Bf5 g6 14. Bxd7 Qxd7 15.
Na4 Qd6 16. b4 Bxb4 17. Qd4 Re6 18. Ng5 Rae8 19. Nxe6 Rxe6 20. Rc2 a5 21. f4 Ba3
22. f5 Bxb2 23. Rxb2 gxf5 24. Rxb6 Qe7 25. Rxf5 Rxe3 26. Qxf6 Re1+ 27. Rf1 1-0

[Event "AUTO-ELITE-2348"]
[Site "http://www.queenalice.com/game.php?id=1765131"]
[Date "2021.7.23"]
[Round "1"]
[White "TheWatcher"]
[Black "gbsalvio"]
[Result "0-1"]
[WhiteElo "2214"]
[BlackElo "2626"]

1. e4 e5 2. f4 Nc6 3. Nf3 f5 4. d4 fxe4 5. Nxe5 d6 6. Nxc6 bxc6 7. c4 g6 8. Nc3
Bg7 9. Be3 Nh6 10. g3 Nf5 11. Qd2 Rb8 12. O-O-O d5 13. c5 O-O 14. Qf2 Qf6 15. a3
g5 16. Ne2 Rb3 17. fxg5 Qe7 18. Bf4 e3 19. Qg2 Ba6 20. Nc3 Bxf1 21. Rdxf1 Nxd4
0-1

[Event "AUTO-ELITE-2348"]
[Site "http://www.queenalice.com/game.php?id=1772156"]
[Date "2021.10.13"]
[Round "2"]
[White "Donidon"]
[Black "gbsalvio"]
[Result "0-1"]
[WhiteElo "2343"]
[BlackElo "2612"]

1. e4 c5 2. Nf3 e6 3. d4 cxd4 4. Nxd4 Nf6 5. Nc3 Nc6 6. Be3 Bb4 7. Nxc6 bxc6 8.
f3 d5 9. exd5 Nxd5 10. Bd2 Rb8 11. Bd3 Bd6 12. Ne4 Be5 13. O-O f5 14. Nf2 Qc7
15. g3 Rxb2 16. Kg2 O-O 17. Bc4 Rb8 18. Rb1 Rxb1 19. Qxb1 Kh8 20. Bb3 Bd4 21.
Nd3 e5 22. Bxd5 cxd5 23. Re1 Ba6 24. c3 Bxd3 25. Qxd3 Bb6 26. Qxd5 Rd8 27. Qxe5
Rxd2+ 28. Kh1 Qxe5 29. Rxe5 g6 30. a4 Kg7 31. a5 Kf6 32. Rb5 Be3 33. c4 Rc2 34.
Rb3 Bc5 35. Rb5 Rxc4 36. Kg2 Rc2+ 37. Kh3 Bg1 38. g4 Bxh2 39. gxf5 gxf5 40. Rb1
Bf4 41. Rh1 Rf2 0-1

[Event "AUTO-ELITE-2348"]
[Site "http://www.queenalice.com/game.php?id=1772157"]
[Date "2021.10.13"]
[Round "2"]
[White "gbsalvio"]
[Black "Donidon"]
[Result "1-0"]
[WhiteElo "2610"]
[BlackElo "2337"]

1. Nc3 Nf6 2. e4 e5 3. f4 exf4 4. e5 Ng8 5. Nf3 Bb4 6. a3 Bc5 7. d4 Bb6 8. Bxf4
Ne7 9. Ng5 d5 10. exd6 cxd6 11. Bc4 d5 12. Nxf7 Kxf7 13. Nxd5 Nxd5 14. O-O Kg8
15. Qh5 Bxd4+ 16. Kh1 Be6 17. Rae1 Qd7 18. Rxe6 1-0